♡︎ Raindrops (an angel cried) ♡︎ Lyrics - Ariana Grande - Statistics

General Stats
  • This quiz has been taken 476 times
  • The average score is 22 of 23
Answer Stats
Answer % Correct
an
99%
an
99%
angel
98%
angel
98%
cried
98%
cried
98%
cried
98%
cried
98%
the
98%
the
98%
when
98%
fell
97%
she
97%
she
97%
sky
97%
down
96%
from
96%
raindrops
96%
me
95%
you
95%
day
94%
left
94%
oh
93%
No matching quizzes found
Score Distribution
Percent of People with Each Score
Percentile by Number Answered
Your Score History
You have not taken this quiz